00884ntm a2200229 a 450000100060000000300080000600500170001400800410003103500190007204000350009104100080012608200270013410000210016124501680018226000530035030000360040350200600043950400340049965000660053365000180059970000370061775498BD-RjUL20211209082712.0190416s2016 bg a|||| mb|| 00| 0 eng d a(BD-RjUL)75716 aBD-RjULbengcBD-RjULdBD-RjUL aeng 223a639.3772bKAE 20161 aKamruzzaman, Sk.10aEco-Biology and Biochemical Composition of Lates Calcrifer (Bloch, 1790) in Coastal water of Bangladesh /cby Sk. Kamruzzaman ;6Suvervisor : Md. Delwer Hossain  aRajshahi:bDepartment of Fisheries, R. U.,c2016 axvi, 189leaves:bIll. ;c30 cm. aThesis (Ph.D.) -- Department of Fisheries, R. U., 2016 aRefernces : leaves [135]-160 aFish culture (Bhetki and Coral)vResearchzBangladeshzKhulna aCentropomidae aHossain, Md. Delwer, Suvervisor